| 000 | 00383nam a2200145Ia 4500 | ||
|---|---|---|---|
| 008 | 130318s9999 xx 000 0 und d | ||
| 020 | _a471736120 | ||
| 082 | _a005.8 LEV/I | ||
| 100 | _aLeveque, Vincent | ||
| 245 | _aInformation security: A strategic approach | ||
| 260 |
_bWiley _aNew Jersey _c2006 |
||
| 300 | _a272 | ||
| 650 | _aCOMPUTER SECURITY | ||
| 650 | _aINFORMATION SECURITY | ||
| 999 |
_c1311 _d1311 |
||